|
|
|
|
| LEADER |
01520nab#a2200421#ar4500 |
| 001 |
000122921 |
| 003 |
SVKKK |
| 005 |
20180521093606.0 |
| 008 |
180515c2017 xo |||||||||||||||b|eng |
| FMT |
|
|
|
| 015 |
|
|
|a SNBRB2018/05
|
| 038 |
|
|
|a SVKKK
|
| 040 |
|
|
|a SVKKK
|b slo
|e AACR2
|
| 041 |
0 |
|
|b eng
|
| 044 |
|
|
|a xo
|c SK
|
| 080 |
|
|
|a 669-138
|x (048.3)
|2 2011
|
| 080 |
|
|
|a 005.745
|x (048.3)
|2 2011
|
| 242 |
1 |
0 |
|a Mikrostrukturálne a povrchové zmeny horčíka legovaného hliníkovými práškami na vykurovanie
|y slo
|
| 245 |
0 |
0 |
|a Microstructural and surface changes of magnesium alloyed aluminium powders on heating
|c M. Stepanek ... [et al.]
|
| 546 |
|
|
|a Res. angl.
|
| 611 |
2 |
4 |
|a Deformation and fracture in PM materials DF PM 2017
|g medzinárodná konferencia
|d (22.-25.10.2017 :
|c Stará Lesná, Vysoké Tatry, Slovensko)
|
| 650 |
0 |
4 |
|a prášková metalurgia
|
| 650 |
0 |
4 |
|a hliníkové zliatiny
|
| 650 |
0 |
4 |
|a horčík
|
| 650 |
0 |
4 |
|a vykurovanie
|
| 650 |
0 |
4 |
|a abstrakty
|
| 650 |
0 |
4 |
|a konferencie
|
| 650 |
0 |
4 |
|a Stepanek, M.
|4 aut
|
| 700 |
1 |
|
|a Balog, M.
|4 aut
|
| 700 |
1 |
|
|a Nagy, S.
|4 aut
|
| 700 |
1 |
|
|a Simancik, F.
|4 aut
|
| 773 |
0 |
|
|t Deformation and fracture in PM materials DF PM 2017 : international conference : book of abstracts : October 22-25, 2017 in Stará Lesná, High Tatras, Slovak republic
|d Košice : Institute of Materials Research of the Slovak Academy of Sciences, 2017
|g S. 86
|z 9788089782079
|
| 974 |
|
|
|a CER
|
| 992 |
|
|
|a RZB
|
| BAS |
|
|
|
| 852 |
|
|
|a SVKKK
|b BIB
|
| EXP |
|
|
|
| 998 |
|
|
|a HUT
|